Financial inclusion for inclusive growth / (Record no. 165464)

MARC details
000 -LEADER
fixed length control field 00681nam a22001937a 4500
005 - DATE AND TIME OF LATEST TRANSACTION
control field 20190618163648.0
010 ## - LCCN (DPL NO)
LC control number ENG-125669
020 ## - INTERNATIONAL STANDARD BOOK NUMBER
International Standard Book Number 9789388398961
Terms of availability 500.00
035 ## - SYSTEM CONTROL NUMBER
System control number EN-109201
037 ## - SOURCE OF ACQUISITION
Source of stock number/acquisition DBAD/PUB
082 ## - DEWEY DECIMAL CLASSIFICATION NUMBER
Classification number 332.109
100 ## - MAIN ENTRY--PERSONAL NAME
Personal name Ganesh Kumar
245 ## - TITLE STATEMENT
Title Financial inclusion for inclusive growth /
Statement of responsibility, etc by Ganesh Kumar [and] C. Paramasivan
260 ## - PUBLICATION, DISTRIBUTION, ETC. (IMPRINT)
Place of publication, distribution, etc Chennai
Name of publisher, distributor, etc Shanlax Publications
Date of publication, distribution, etc 2019
270 ## - ADDRESS
Address 61, 66 T.P.K. Main Road
City Vasantha Nagar, Madurai
Postal code 625003
Telephone number 0452-4208765, 7639303383
Electronic mail address publisher@shanlaxpublications.com
300 ## - PHYSICAL DESCRIPTION
Extent 83p;
Dimensions 22cm(pbk)
500 ## - GENERAL NOTE
General note Includes bibliographical references
942 ## - ADDED ENTRY ELEMENTS (KOHA)
Source of classification or shelving scheme Dewey Decimal Classification
Item type English Books
Classification part 332.109
Call number suffix GAN
Holdings
Withdrawn status Lost status Not for loan Collection code Home library Current library Date acquired Source of acquisition Cost, normal purchase price Full call number Barcode Copy number Cost, replacement price Koha item type
      Non-fiction Bawana Bawana 18/06/2019 DBAD/PUB 500.00 332.109 GAN EN-109201 1 500.00 English Books

© Delhi Public Library
Hit Counter
free hit counter